The impact of population ageing on housing in Scotland (Record no. 110903)
[ view plain ]
| 000 -LEADER | |
|---|---|
| fixed length control field | 00990cad a22002175a 4500 |
| 001 - CONTROL NUMBER | |
| control field | E150550 |
| 008 - FIXED-LENGTH DATA ELEMENTS--GENERAL INFORMATION | |
| fixed length control field | 100726s2010 xxk f s000 0 eng d |
| 020 ## - INTERNATIONAL STANDARD BOOK NUMBER | |
| International Standard Book Number | 9780755995011 |
| 035 ## - SYSTEM CONTROL NUMBER | |
| System control number | (Sirsi) u150550 |
| 041 0# - LANGUAGE CODE | |
| Language code of text/sound track or separate title | eng |
| 110 2# - MAIN ENTRY--CORPORATE NAME | |
| Corporate name or jurisdiction name as entry element | Scotland |
| Subordinate unit | Scottish Government |
| 9 (RLIN) | 5344 |
| 245 04 - TITLE STATEMENT | |
| Title | The impact of population ageing on housing in Scotland |
| Medium | [electronic resource] |
| 260 ## - PUBLICATION, DISTRIBUTION, ETC. | |
| Place of publication, distribution, etc. | Edinburgh |
| Name of publisher, distributor, etc. | Scottish Government |
| Date of publication, distribution, etc. | 2010 |
| 490 #0 - SERIES STATEMENT | |
| Series statement | Analytical Paper Series |
| 520 ## - SUMMARY, ETC. | |
| Summary, etc. | Looks at the implications of an ageing population on housing in Scotland. Examines specialist housing stock, housing adaptations and support to enable people to stay in their home. Also discusses at the supply of specialist housing. |
| 590 ## - LOCAL NOTE (RLIN) | |
| Local note | KA |
| 651 #4 - SUBJECT ADDED ENTRY--GEOGRAPHIC NAME | |
| Geographic name | Scotland |
| Chronological subdivision | 1999- |
| 690 ## - LOCAL SUBJECT ADDED ENTRY--TOPICAL TERM (OCLC, RLIN) | |
| Topical term or geographic name as entry element | PROPERTY-RESIDENTIAL PROPERTY-DOMESTIC RESIDENTIAL PROPERTY-HOUSING |
| 856 40 - ELECTRONIC LOCATION AND ACCESS | |
| Uniform Resource Identifier | <a href="https://www.scotland.gov.uk/Publications/2010/07/20125707/0">https://www.scotland.gov.uk/Publications/2010/07/20125707/0</a> |
| Public note | View the consultation free of charge at www.scotland.gov.uk |
| 942 ## - ADDED ENTRY ELEMENTS (KOHA) | |
| Suppress in OPAC | 0 |
| Withdrawn status | Lost status | Source of classification or shelving scheme | Damaged status | Not for loan | Home library | Current library | Shelving location | Date acquired | Total Checkouts | Full call number | Barcode | Date last seen | Copy number | Price effective from | Koha item type |
|---|---|---|---|---|---|---|---|---|---|---|---|---|---|---|---|
| Dewey Decimal Classification | Virtual | Virtual | Online | 26/07/2010 | ONLINE PUBLICATION | 150550-2001 | 06/08/2019 | 1 | 06/08/2019 | Book |